000 00916nam a2200253Ia 4500
003 OSt
005 20220923213610.0
006 a|||||r|||| 00| 0
007 ta
008 220922b |||||||| |||| 00| 0 hin d
024 _a163,294
037 _cTextual
040 _aARTS
_cARTS
_bhin
041 _2hin
_ahin
082 _aO152,1:gN, L3
100 _aकलवडे, सुधाकर शंकर
245 0 _aआधुनिक हिन्दी कविता में राष्ट्रीय भावना
246 _aĀdhunik hindī kavitā mean rāṣhṭrīya bhāvanā
260 _aकानपुर
_b पुस्तक संस्थान
_c1973
300 _a292 पृ.
_ccm.
650 _aहिन्दी साहित्य
_9156264
942 _hO152,1:gN, L3
_cTEXL
_2CC
999 _c317774
_d317774